[Event "Festival Szmetan-Giardelli 2018"]
[Site "Buenos Aires"]
[Date "2018.12.14"]
[Round "10"]
[White "Granda Zuniga, Julio E"]
[Black "Flores, Diego"]
[Result "1/2-1/2"]
[WhiteElo "2650"]
[BlackElo "2631"]
[Annotator "TA"]
[PlyCount "52"]
[EventDate "2018.12.04"]
[EventType "tourn"]
[EventCountry "ARG"]
[SourceTitle "playchess.com"]
[Source "ChessBase"]
[SourceQuality "1"]

{[%evp 19,52,16,29,17,18,26,17,26,33,30,35,10,18,12,37,0,0,0,48,50,29,8,7,0,0,0,0,0,0,0,0,0,0,0,0]} 1. d4 d5 2. c4 e6 3. Nc3 c6 4. Nf3 dxc4 5. a4 Bb4 6. Bd2 Nf6 7. e3 {D31: Queen's Gambit Declined: Semi-Slav without ...Nf6 (+ Marshall Gambit and Noteboom) and Exchange Variation lines without ...Nf6} c5 (7... Bxc3 8. Bxc3 Nd5 9. Bxc4 Nxc3 10. bxc3 Qa5 11. Qc2 O-O 12. O-O Nd7 13. Bd3 h6 14. e4 b6 {1-0 (41) Tari,A (2584)-Bosiocic,M (2591) Doha 2016}) 8. dxc5 O-O 9. Bxc4 Nc6 10. O-O Bxc5 {LiveBook: 10 Games} 11. Qb1 Qe7 $146 ({Predecessor:} 11... e5 12. h3 Qe7 13. Ng5 g6 14. Kh1 Kg7 {0-1 (27) Alfred,N (2227)-Kaganskiy,G (2294) Jerusalem 2017}) 12. Ne4 Nxe4 13. Qxe4 Bd7 14. Bc3 Rad8 15. h4 Bb4 16. Rfc1 g6 17. h5 Bxc3 $1 18. Rxc3 Na5 19. hxg6 hxg6 20. Ne5 Nc6 {The position is equal.} 21. Nxd7 Rxd7 22. Bb5 Rd2 23. Bxc6 bxc6 24. Rxc6 Qf6 25. Rf1 Rxb2 26. Rc2 Rxc2 {Accuracy: White = 39%, Black = 78%.} 1/2-1/2

[Event "Festival Szmetan-Giardelli 2018"]
[Site "Buenos Aires"]
[Date "2018.12.14"]
[Round "10"]
[White "Iturrizaga Bonelli, Eduardo"]
[Black "Pichot, Alan"]
[Result "1/2-1/2"]
[WhiteElo "2628"]
[BlackElo "2562"]
[Annotator "TA"]
[PlyCount "38"]
[EventDate "2018.12.04"]
[EventType "tourn"]
[EventCountry "ARG"]
[SourceTitle "playchess.com"]
[Source "ChessBase"]
[SourceQuality "1"]

{[%evp 24,27,0,-16,0,0]} 1. d4 d5 2. Nf3 Nf6 3. c4 c6 4. Nc3 e6 5. e3 Nbd7 6. Qc2 Bd6 7. Bd3 dxc4 8. Bxc4 O-O 9. O-O b5 10. Be2 Bb7 11. e4 e5 12. Bg5 {D46: Semi-Slav: 5 e3 Nbd7 6 Bd3, Black avoids the Meran} (12. dxe5 Nxe5 13. Nh4 Bc8 14. h3 Ng6 15. Nf5 Bxf5 16. exf5 Nf4 17. Bf3 Rc8 18. Rd1 Qe7 19. Be3 Rfd8 {1-0 (56) Aronian,L (2793)-Giri,A (2771) Leuven 2017}) 12... exd4 13. Nxd4 {LiveBook: 4 Games} Qc7 14. g3 {[#]} {Predecessor:} Rfe8 $146 15. Rac1 Rac8 16. Qd2 Qb8 17. Nf5 Bf8 18. f3 h6 19. Bf4 Ne5 {0-1 (39) Feoktistov,A (2359)-Yevseev,D (2539) St Petersburg 1999} 1/2-1/2

[Event "Festival Szmetan-Giardelli 2018"]
[Site "Buenos Aires"]
[Date "2018.12.14"]
[Round "10"]
[White "Bacallao Alonso, Yusnel"]
[Black "Mareco, Sandro"]
[Result "1/2-1/2"]
[WhiteElo "2582"]
[BlackElo "2656"]
[Annotator "TA"]
[PlyCount "33"]
[EventDate "2018.12.04"]
[EventType "tourn"]
[EventCountry "ARG"]
[SourceTitle "playchess.com"]
[Source "ChessBase"]
[SourceQuality "1"]

{[%evp 21,33,12,13,10,10,3,6,18,12,13,42,15,18,12]} 1. d4 Nf6 2. Nf3 e6 3. g3 d5 4. Bg2 Be7 5. O-O O-O 6. c4 dxc4 7. Ne5 Nc6 8. Bxc6 bxc6 9. Nxc6 Qe8 10. Nxe7+ Qxe7 11. b3 {E05: Open Catalan: 5 Nf3 Be7} (11. Qa4 e5 12. dxe5 Qxe5 13. Nc3 Ne4 14. Qxc4 Nxc3 15. bxc3 Be6 16. Bf4 Bxc4 17. Bxe5 c6 18. Rfe1 Rfe8 19. Bd4 Bxe2 {½-½ (28) Meier,G (2628)-Giri,A (2782) Dortmund 2018}) 11... cxb3 {LiveBook: 5 Games} 12. Qxb3 {Strongly threatening Ba3.} Rd8 13. Ba3 Qe8 14. Rd1 Ba6 15. Nc3 {[#]} c6 $146 ({Predecessor:} 15... Nd5 16. e4 Rab8 17. Qc2 Nb4 18. Bxb4 Rxb4 {½-½ (42) Hilby,C (2390)-Brown,M (2506) Las Vegas 2017}) 16. Qa4 Bb5 $1 {[%cal Rb5a4]} 17. Qc2 1/2-1/2

[Event "Festival Szmetan-Giardelli 2018"]
[Site "Buenos Aires"]
[Date "2018.12.14"]
[Round "10"]
[White "El Debs, Felipe de Cresce"]
[Black "Bachmann, Axel"]
[Result "0-1"]
[WhiteElo "2544"]
[BlackElo "2621"]
[Annotator "TA"]
[PlyCount "64"]
[EventDate "2018.12.04"]
[EventType "tourn"]
[EventCountry "ARG"]
[SourceTitle "playchess.com"]
[Source "ChessBase"]
[SourceQuality "1"]

{[%evp 24,64,38,45,81,81,167,-41,-49,-56,-61,-82,-89,-88,-55,-72,-57,-61,-53,-60,-34,-42,0,-37,-36,-38,-44,-151,-166,-295,-304,-276,-279,-264,-262,-523,-511,-513,-502,-587,-576,-575,-566]} 1. e4 e5 2. Nf3 Nc6 3. Bc4 Bc5 4. O-O Nf6 5. d3 a6 6. Bb3 d6 7. c3 Ba7 8. Nbd2 h6 {C54: Giuoco Piano: 4 c3 Nf6, main lines with 5 d4 and 5 d3} 9. Re1 g5 (9... Nh5 10. Nf1 Qf6 11. Ne3 Nf4 12. Nd5 Nxd5 13. exd5 Ne7 14. d4 exd4 15. Nxd4 O-O 16. Be3 {½-½ (101) Amin,B (2689)-Bu,X (2730) Riadh 2017}) 10. Nf1 g4 11. N3d2 h5 12. Nc4 h4 13. Be3 $1 {LiveBook: 15 Games} h3 14. g3 $1 d5 (14... Bb8 $16) 15. Ncd2 $2 (15. exd5 $1 $18 Qxd5 16. f3 $1 {[%mdl 512]} gxf3 17. Qd2 f2+ 18. Qxf2) 15... d4 $1 $15 {[%cal Rd4e3]} 16. Bg5 {[#]} Rh5 $146 17. Bxf6 Qxf6 18. c4 Bd7 19. Ba4 Bc5 20. a3 Be7 21. b4 Kf8 22. f3 a5 23. Bxc6 (23. fxg4 {is interesting.} Rg5 24. Nf3 Rxg4 25. Bxc6 bxc6 26. bxa5 c5 27. N1d2) 23... bxc6 24. fxg4 Rh8 $36 {[%mdl 2048] Black is pushing.} 25. Nf3 (25. b5 $15) 25... Bxg4 $17 {[%cal Bd7g4,Bg4d1,Bd1c2][%mdl 32]} 26. Nxe5 (26. N1d2 {was the only chance.}) 26... Bxd1 $19 27. Nd7+ Kg7 28. Nxf6 {[#]} Bc2 $1 ({And not} 28... Kxf6 29. Rexd1 axb4 30. axb4 $15) 29. Rac1 $2 (29. Ra2 {is a better defense.} Bxd3 30. Nd7 Bxc4 31. Rf2) 29... Bxd3 {Black is clearly winning.} ({Stronger than} 29... Kxf6 30. Rxc2 axb4 31. axb4 $15) 30. Nd7 axb4 31. Ne5 Rxa3 32. Nxd3 Rxd3 {Accuracy: White = 49%, Black = 40%.} 0-1

[Event "Festival Szmetan-Giardelli 2018"]
[Site "Buenos Aires"]
[Date "2018.12.14"]
[Round "10"]
[White "Hoffman, Alejandro"]
[Black "Perez Ponsa, Federico"]
[Result "1/2-1/2"]
[WhiteElo "2470"]
[BlackElo "2554"]
[Annotator "TA"]
[PlyCount "77"]
[EventDate "2018.12.04"]
[EventType "tourn"]
[EventCountry "ARG"]
[SourceTitle "playchess.com"]
[Source "ChessBase"]
[SourceQuality "1"]

{[%evp 23,77,-1,0,0,0,0,1,0,0,0,7,10,21,0,0,-9,24,24,41,32,78,0,0,0,0,0,0,0,0,-22,-15,-17,-20,-36,14,17,33,35,25,5,20,14,20,0,22,0,11,12,22,13,14,0,0,0,0,0]} 1. Nf3 Nf6 2. g3 g6 3. Bg2 Bg7 4. O-O O-O 5. d4 d6 6. Re1 Nbd7 7. e4 e5 8. h3 Re8 9. Nc3 c6 10. a4 Qc7 11. Be3 b6 12. Qd2 a6 13. dxe5 {B07: Pirc Defence: Miscellaneous Systems} dxe5 14. Red1 Bb7 15. Nh2 $146 ({Predecessor:} 15. Ne1 Bf8 16. Nd3 Red8 17. f3 Be7 18. Qf2 Ne8 19. f4 f6 20. Kh1 c5 {½-½ (41) Shchekachev,A (2465)-Roobol,M Avoine 1995}) 15... Rad8 16. f3 b5 17. Qf2 b4 18. Na2 c5 19. Bf1 Rc8 20. Ng4 Nxg4 21. hxg4 a5 22. Bc4 (22. Nc1 $16) 22... Nb6 $36 {[%mdl 2048] Black is more active.} 23. Bb5 Bc6 24. Bxc5 Nxa4 25. Bd6 Qb6 26. Qxb6 Nxb6 27. Ba6 Ra8 {White must now prevent ...Na4.} 28. Be2 Bf8 29. b3 Rad8 30. Bxf8 Kxf8 31. c3 bxc3 {The position is equal.} 32. Nxc3 Rxd1+ 33. Rxd1 Ke7 34. Kf2 a4 35. bxa4 Nxa4 36. Nxa4 Bxa4 37. Rd5 Kf6 38. Ke3 g5 39. Rd6+ {Accuracy: White = 53%, Black = 43%.} 1/2-1/2

[Event "Festival Szmetan-Giardelli 2018"]
[Site "Buenos Aires"]
[Date "2018.12.14"]
[Round "10"]
[White "Slipak, Sergio"]
[Black "Darcyl, Tomas"]
[Result "1/2-1/2"]
[WhiteElo "2421"]
[BlackElo "2366"]
[Annotator "TA"]
[PlyCount "29"]
[EventDate "2018.12.04"]
[EventType "tourn"]
[EventCountry "ARG"]
[SourceTitle "playchess.com"]
[Source "ChessBase"]
[SourceQuality "1"]

{[%evp 12,29,0,13,83,64,95,48,83,57,88,6,16,-15,4,-18,-24,-39,-31,-20]} 1. Nf3 Nf6 2. g3 b5 3. Bg2 Bb7 4. O-O e6 5. d3 c5 6. c4 {A05: Réti Opening: 1 Nf3 Nf6} (6. e4 d6 7. a4 b4 8. Nbd2 Be7 9. Nc4 O-O 10. Re1 Nbd7 11. Bf4 d5 12. Nd6 Bc6 13. Ng5 Nb6 14. Ndxf7 Rxf7 15. Bh3 Bd7 16. a5 e5 17. axb6 Bxh3 18. b7 {0-1 (74) Carlsen,M (2876)-Vachier Lagrave,M (2723) Stavanger 2015}) 6... bxc4 7. dxc4 {LiveBook: 17 Games} d5 (7... Be7 $11) 8. cxd5 $16 {White is better.} exd5 9. Bf4 Bd6 $146 ({Predecessor:} 9... Be7 10. Nc3 O-O 11. Rc1 d4 12. Na4 Nbd7 13. b4 cxb4 14. Nxd4 Bxg2 15. Kxg2 {½-½ (59) Bistrikova,E (2230)-Tsiganova,M (2269) St Petersburg 2003}) 10. Bxd6 Qxd6 11. Qc2 ({Better is} 11. e4 $16 {Strongly threatening e5.} Nxe4 12. Nfd2) 11... O-O 12. Nbd2 Nbd7 13. Rac1 Rfe8 14. e3 Rac8 15. Rfd1 {Accuracy: White = 39%, Black = 30%.} 1/2-1/2

[Event "Festival Szmetan-Giardelli 2018"]
[Site "Buenos Aires"]
[Date "2018.12.14"]
[Round "11"]
[White "Mareco, Sandro"]
[Black "Iturrizaga Bonelli, Eduardo"]
[Result "1/2-1/2"]
[WhiteElo "2656"]
[BlackElo "2628"]
[Annotator "TA"]
[PlyCount "64"]
[EventDate "2018.12.04"]
[EventType "tourn"]
[EventCountry "ARG"]
[SourceTitle "playchess.com"]
[Source "ChessBase"]
[SourceQuality "1"]

{[%evp 16,64,1,-5,-1,-27,-31,-20,-6,-10,-11,-24,-10,-19,-19,-87,-91,-138,-140,-122,-122,-131,-58,-112,-99,-112,-19,-21,-20,-20,-29,-22,-12,-19,0,0,0,0,0,0,0,0,0,0,0,0,0,0,0,0,0]} 1. Nf3 Nf6 2. c4 c5 3. Nc3 Nc6 4. d4 cxd4 5. Nxd4 e6 6. a3 Be7 7. e4 O-O {A33: Symmetrical English: 2 Nf3 Nf6 3 d4 cxd4 4 Nxd4 e6 5 Nc3 Nc6} 8. Nb3 (8. Nf3 Qa5 9. Bd2 Qh5 10. Be2 d5 11. exd5 exd5 12. cxd5 Nxd5 13. Nd4 Qe5 14. Nxc6 bxc6 15. O-O {½-½ (47) So,W (2780)-Vachier Lagrave,M (2779) Saint Louis 2018}) 8... b6 9. Be2 {LiveBook: 7 Games} Ba6 10. O-O $146 ({Predecessor:} 10. Bf4 d6 11. O-O Rc8 12. Nd2 Nd4 13. Re1 Nxe2+ 14. Qxe2 Qc7 15. b3 Rfd8 16. Nf3 Nh5 {½-½ (16) Noble,M (2574)-D'Adamo,E (2557) ICCF email 2011}) 10... Ne5 {[%cal Bc6e5,Be5g4,Bg4f2][%mdl 32]} 11. Nd2 Qc7 12. b3 Rad8 13. Bb2 Bb7 14. Re1 Qb8 15. Nf3 (15. b4 $11 {keeps the balance.}) 15... Neg4 $17 {aiming for ...Bc5.} 16. h3 {[#]} Nxf2 $1 {[%mdl 512]} 17. Kxf2 Bc5+ 18. Nd4 Qe5 ({Black should play} 18... e5 $17 19. Nd5 Nxe4+ 20. Kg1 Rde8) 19. Na4 (19. Ncb5 $15) 19... Nxe4+ 20. Kg1 Qg3 (20... d5 $17 {White must now prevent ...Bd6.} 21. Nxc5 bxc5) 21. Nxc5 $11 Qe3+ 22. Kh2 Qf4+ ({Much worse is} 22... bxc5 $6 23. Bf3 $16) 23. Kg1 {Strongly threatening Nxe4.} Qf2+ {The position is equal.} ({Reject} 23... bxc5 $6 24. Bf3 $16) 24. Kh2 bxc5 25. Nf3 $1 {And now Be5 would win.} Qg3+ 26. Kg1 {Threatens to win with Be5.} Qf2+ 27. Kh2 Qg3+ 28. Kg1 {Be5 is the strong threat.} Nf2 29. Be5 Nxh3+ $1 30. Kh1 Nf2+ 31. Kg1 Nh3+ $1 32. Kh1 Nf2+ {Accuracy: White = 61%, Black = 72%.} 1/2-1/2

[Event "Festival Szmetan-Giardelli 2018"]
[Site "Buenos Aires"]
[Date "2018.12.14"]
[Round "11"]
[White "Flores, Diego"]
[Black "Hoffman, Alejandro"]
[Result "1-0"]
[WhiteElo "2631"]
[BlackElo "2470"]
[Annotator "TA"]
[PlyCount "103"]
[EventDate "2018.12.04"]
[EventType "tourn"]
[EventCountry "ARG"]
[SourceTitle "playchess.com"]
[Source "ChessBase"]
[SourceQuality "1"]

{[%evp 15,103,23,40,19,37,35,68,68,88,81,83,90,81,90,92,56,52,56,85,85,71,69,61,30,29,22,30,22,33,33,33,31,16,0,9,0,0,-12,0,0,0,0,33,40,32,40,50,40,71,76,61,-18,4,0,14,0,7,10,37,31,33,29,33,33,285,274,712,706,704,674,715,644,610,337,272,256,235,230,220,220,214,206,660,656,616,567,543,514,29977,29979]} 1. Nf3 Nf6 2. g3 d5 3. Bg2 g6 4. c4 c6 5. b3 Bg7 6. Bb2 O-O 7. O-O a5 8. Nc3 Na6 {LiveBook: 12 Games. A11: English Opening: 1...c6} (8... Ne4 9. Na4 Bxb2 10. Nxb2 Na6 11. d3 Nf6 12. cxd5 Nxd5 13. Qd2 Bg4 14. Nc4 Bxf3 15. Bxf3 Nc5 16. d4 {½-½ (72) Anton Guijarro,D (2650)-Vidit,S (2689) Doha 2016}) 9. Rc1 Bg4 $146 ({Predecessor:} 9... Re8 10. d4 Nc7 11. Na4 Nd7 12. Qc2 Na6 13. a3 Nb6 14. c5 Bf5 15. Qd2 Nxa4 16. bxa4 {1-0 (59) Soppe,G (2460)-Hoffman,A (2440) San Martin 1993}) 10. Ne5 Be6 {White is slightly better.} 11. d4 Ne8 12. cxd5 cxd5 13. e3 f6 14. Nd3 Bf7 15. e4 {[%cal Rc3d5]} dxe4 16. Nxe4 b6 17. Nc3 Bh6 18. Rc2 Rb8 19. Nb5 {[%cal Bc3b5,Bb5a7,Ba7c6][%mdl 32]} Bd5 {aiming for ...Bxg2.} 20. Na7 Bxg2 21. Kxg2 Qd5+ 22. Qf3 $1 {[%cal Rf3d5]} Nec7 23. Nc6 Rbe8 24. Ba3 Rf7 25. Re1 {[%cal Rc6e7]} e6 26. Re4 Rd7 27. Bc1 Bxc1 28. Rxc1 Kg7 29. Nf4 Qd6 30. Qe2 Kf7 31. h4 Nb4 32. Nxb4 axb4 33. Re1 (33. Qf3 $14) 33... Rde7 (33... f5 $5 {[%cal Rf5e4]} 34. Re5 Qc6+ 35. Qf3 Qxf3+ 36. Kxf3 Rxd4 $15) 34. Kh2 Ra8 35. Qc2 Rae8 36. h5 {Strongly threatening hxg6+.} Rg8 37. d5 {[%cal Bd4d5,Bd5d6][%mdl 32]} e5 38. Rc4 {Black must now prevent Rc6.} Nb5 {Threatens to win with ...Na3.} 39. Rc6 Qd7 $2 {[%mdl 8192] [#]} ({Better is} 39... Nd4 $14 40. Rxd6 Nxc2) 40. d6 $1 $18 ({Weaker is} 40. Rxb6 exf4 41. Rxe7+ Qxe7 $14) 40... Nd4 $2 (40... Nc3) 41. Qc4+ {[%mdl 64] Double Attack} Kg7 42. dxe7 Nxc6 {[#]} 43. h6+ $1 {[%mdl 512]} Kh8 (43... Kxh6 44. Qxg8) 44. Nd5 Nxe7 45. Nxf6 $40 {[%mdl 192] Intending Qf7 and mate. Double Attack, Discovered Attack. White is out for blood.} Qd2 46. Qf7 {[%csl Gf6][%cal Rf7h7]} Qxh6+ 47. Kg2 Qg7 {[#]} 48. Qe6 $1 Ra8 $2 {[#]} (48... Rf8) 49. Nxh7 $1 {[%mdl 512]} Nf5 (49... Qxh7 50. Rh1) 50. Rh1 Qb7+ 51. Kg1 Ng7 (51... Qxh1+ $18 52. Kxh1 Kxh7 53. Qxe5 Rxa2) 52. Qxg6 {Accuracy: White = 59%, Black = 39%.} 1-0

[Event "Festival Szmetan-Giardelli 2018"]
[Site "Buenos Aires"]
[Date "2018.12.14"]
[Round "11"]
[White "Bachmann, Axel"]
[Black "Slipak, Sergio"]
[Result "1/2-1/2"]
[WhiteElo "2621"]
[BlackElo "2421"]
[Annotator "TA"]
[PlyCount "66"]
[EventDate "2018.12.04"]
[EventType "tourn"]
[EventCountry "ARG"]
[SourceTitle "playchess.com"]
[Source "ChessBase"]
[SourceQuality "1"]

{[%evp 16,66,0,-10,-1,-4,-10,-6,6,6,6,8,13,15,16,12,20,20,20,27,33,10,2,0,7,0,8,0,13,2,12,13,8,0,0,0,0,0,0,-1,0,0,0,0,0,0,0,-8,0,-22,-18,-21,0]} 1. d4 d5 2. c4 e6 3. Nf3 Nf6 4. e3 b6 5. Nc3 Bd6 6. Bd3 Bb7 7. Qc2 {E14: Queen's Indian: Classical Variation (4 e3)} (7. O-O O-O 8. b3 Nbd7 9. Bb2 a6 10. Rc1 Ne4 11. Qc2 f5 12. Ne2 c5 13. Ne5 cxd4 14. exd4 Bxe5 15. dxe5 Ndc5 16. cxd5 Qg5 17. g3 Bxd5 18. Nf4 {½-½ (36) Mons,L (2500)-Navara,D (2726) Germany 2018}) 7... O-O 8. e4 dxe4 9. Nxe4 {LiveBook: 3 Games} Bb4+ 10. Ke2 Nbd7 11. Rd1 Nxe4 12. Bxe4 Bxe4 13. Qxe4 Qe7 $146 ({Predecessor:} 13... Bd6 14. Kf1 Qe7 {½-½ (45) Alexandrova,O (2371)-Lakos,N (2317) Germany 2008}) 14. Bg5 f6 15. Be3 Bd6 16. Qc6 Rad8 17. Rac1 Nb8 $1 {[%cal Rb8c6]} 18. Qe4 c5 {The position is equal.} 19. Kf1 (19. b4 {keeps more tension.} cxd4 20. Nxd4 Bxb4 21. Qxe6+ Qxe6 22. Nxe6 Rxd1 23. Kxd1 Re8 24. c5) 19... f5 20. Qc2 {aiming for Bg5.} h6 21. Re1 Qf6 22. Rcd1 Nc6 23. Qa4 Nxd4 24. Nxd4 cxd4 25. Bxd4 e5 26. Bc3 Qh4 {White must now prevent ...Bc5.} 27. Bxe5 Bxe5 28. Rxd8 Rxd8 29. Rxe5 Qxh2 {[#] ( -> ...Rd2)} 30. Re8+ Rxe8 31. Qxe8+ $11 {KQ-KQ} Kh7 32. Qe6 Qh1+ 33. Ke2 Qb1 {Accuracy: White = 87%, Black = 63%.} 1/2-1/2

[Event "Festival Szmetan-Giardelli 2018"]
[Site "Buenos Aires"]
[Date "2018.12.14"]
[Round "11"]
[White "Pichot, Alan"]
[Black "Granda Zuniga, Julio E"]
[Result "1/2-1/2"]
[WhiteElo "2562"]
[BlackElo "2650"]
[Annotator "TA"]
[PlyCount "133"]
[EventDate "2018.12.04"]
[EventType "tourn"]
[EventCountry "ARG"]
[SourceTitle "playchess.com"]
[Source "ChessBase"]
[SourceQuality "1"]

{[%evp 15,133,0,5,-21,0,-5,3,-10,0,-3,-14,0,0,-15,0,0,0,0,10,6,10,10,18,0,0,0,0,-6,-14,-2,0,-20,-23,-18,-14,-19,-21,-21,-14,-23,-14,-24,-20,-30,-22,-39,-39,-59,-60,-74,-75,-81,-63,-94,-61,-81,-81,-81,-79,-93,-81,-118,-81,-115,-81,-118,-72,-66,-51,-67,-75,-77,-23,-30,-6,-7,-8,-10,-4,-9,-12,-15,-4,-19,-4,0,-20,-20,0,-423,-427,-348,-388,-603,-571,-685,-679,-734,-712,-666,0,0,0,0,0,0,20,20,27,27,28,8,52,8,8,0,4,0,0,0]} 1. e4 e5 2. Nf3 Nc6 3. Bb5 Nf6 4. d3 Bc5 5. Nbd2 O-O 6. O-O {C65: Ruy Lopez: Berlin Defence (3...Nf6), unusual lines and 4 0-0 Bc5} Re8 7. c3 a6 8. Ba4 d5 {LiveBook: 5 Games} 9. Bb3 $146 ({Predecessor:} 9. Qe2 b5 10. Bb3 d4 11. Bc2 Bb6 12. cxd4 Nxd4 13. Nxd4 Bxd4 {½-½ (39) Anand,V (2770)-Nakamura,H (2787) Leuven 2016}) 9... d4 10. Qc2 Ba7 11. cxd4 Bxd4 12. Ba4 Re6 13. a3 Nd7 14. Nb3 Ba7 {[#] Strongly threatening ...b5.} 15. Bxc6 $1 Rxc6 16. Qe2 Rb6 17. Na5 Re6 18. b4 Nf8 19. Be3 Bxe3 20. Qxe3 b6 21. Nb3 Bb7 22. Rac1 Qe7 23. Rc3 Rd8 24. Qc1 Rd7 25. Qc2 Qd8 26. Rc1 {[%cal Rc3c7]} Ree7 27. a4 g6 28. a5 Kg7 29. axb6 cxb6 30. g3 f6 31. h4 Ne6 {[%cal Bf8e6,Be6c7,Bc7b5][%mdl 32]} 32. Qe2 Rd6 33. Ne1 Qe8 34. Qa2 Qf7 35. Qe2 Nc7 36. Qe3 Nb5 37. Rc4 Red7 38. f3 Rd8 39. Qf2 Qe8 40. Qe3 Bc8 41. R4c2 Be6 42. Nd2 Nd4 43. Rc7+ R6d7 (43... Bf7 $17) 44. f4 $1 $11 Bf7 45. Rxd7 Rxd7 46. Ndf3 exf4 47. gxf4 Qd8 48. Rc3 a5 49. Nxd4 Rxd4 50. bxa5 bxa5 51. Nf3 Rb4 52. Rc6 $2 {[%mdl 8192]} (52. Qa7 $11) 52... Qd7 $19 53. Rc2 {[#]} a4 $1 {[%cal Ba5a4,Ba4a3][%mdl 32]} 54. h5 (54. Kh2 $142 a3 55. e5) 54... a3 55. h6+ Kxh6 56. Qc5 Rb1+ 57. Kf2 Rb2 $2 (57... Bb3 $19 58. Qf8+ Qg7) 58. Rxb2 $11 axb2 59. Qf8+ Kh5 60. Qg7 Be6 61. Qxf6 {[%csl Gf3][%cal Rf6h4]} Kh6 62. Qxb2 {f5! is the strong threat.} Qxd3 63. Qe5 Qd7 64. Qf6 {White wants to play Kg3.} Qf7 {The position is equal.} 65. Qe5 Bc8 66. Kg3 Qe6 67. Qxe6 {Accuracy: White = 51%, Black = 57%.} 1/2-1/2

[Event "Festival Szmetan-Giardelli 2018"]
[Site "Buenos Aires"]
[Date "2018.12.14"]
[Round "11"]
[White "Perez Ponsa, Federico"]
[Black "El Debs, Felipe de Cresce"]
[Result "1-0"]
[WhiteElo "2554"]
[BlackElo "2544"]
[Annotator "TA"]
[PlyCount "61"]
[EventDate "2018.12.04"]
[EventType "tourn"]
[EventCountry "ARG"]
[SourceTitle "playchess.com"]
[Source "ChessBase"]
[SourceQuality "1"]

{[%evp 12,61,10,0,0,0,15,2,9,36,34,0,14,30,27,27,37,41,52,33,122,122,127,115,110,108,106,100,192,174,173,203,211,193,280,306,291,261,383,386,4834,4814,4802,4806,29984,29985,29980,29980,29986,29987,29997,170]} 1. e4 e5 2. Nf3 Nc6 3. Nc3 Nf6 4. Bb5 Bd6 5. d3 O-O (5... a6 6. Ba4 b5 7. Bb3 Na5 8. d4 exd4 9. Qxd4 O-O 10. Bg5 Be7 11. e5 Ne8 12. Bxe7 Qxe7 13. Nd5 {½-½ (63) Hou,Y (2658)-Ponomariov,R (2686) Shenzhen 2018}) 6. a3 {C48: Four Knights: 4 Bb5, replies other than 4...Bb4} Re8 7. g4 {LiveBook: 9 Games} Nd4 8. g5 {The position is equal.} Nxb5 9. Nxb5 Nh5 $1 10. Nxd6 cxd6 11. Nh4 g6 12. Nf5 $36 {[%mdl 2048] White is more active.} gxf5 13. Qxh5 {[#]} f4 $146 14. Rg1 d5 15. Bd2 Re6 (15... Qb6 $14) 16. exd5 $16 Rg6 17. d6 Qb6 18. Bc3 {Black must now prevent 0-0-0.} Qxd6 19. d4 {aiming for 0-0-0.} e4 {[#]} (19... Qd5 $16) 20. d5 $1 $18 Qxd5 {[#]} 21. Rg4 $1 {[%cal Bg1g4,Bg4f4,Bf4h4,Bh4h7,Bh7h8,Bh8a8][%mdl 32] And now Qxh7+! would win.} f5 22. Rxf4 d6 (22... b6 $142 23. Rh4 Qf7) 23. Rh4 Qf7 24. Qd1 Qc4 {[#]} (24... Bd7 {was called for.} 25. Qd4 Kf8 26. Qh8+ {[%mdl 64] Double Attack} Rg8) 25. Rxh7 $1 {[%mdl 512] White threatens Qh5 and mate.} Rxg5 $2 (25... e3) (25... Kxh7 26. Qh5+) 26. Rh8+ Kf7 27. Qxd6 {[%csl Gd6][%cal Rh8f8]} Be6 28. Rxa8 {White mates.} Rg1+ 29. Kd2 e3+ 30. Kxe3 Rxa1 31. Qf8+ {Accuracy: White = 79%, Black = 29%.} 1-0

[Event "Festival Szmetan-Giardelli 2018"]
[Site "Buenos Aires"]
[Date "2018.12.14"]
[Round "11"]
[White "Darcyl, Tomas"]
[Black "Bacallao Alonso, Yusnel"]
[Result "1/2-1/2"]
[WhiteElo "2366"]
[BlackElo "2582"]
[Annotator "TA"]
[PlyCount "42"]
[EventDate "2018.12.04"]
[EventType "tourn"]
[EventCountry "ARG"]
[SourceTitle "playchess.com"]
[Source "ChessBase"]
[SourceQuality "1"]

{[%evp 19,42,0,11,1,13,16,11,4,20,11,14,7,41,7,16,7,12,0,0,6,22,0,4,-19,-20]} 1. Nf3 Nf6 2. g3 b6 3. Bg2 Bb7 4. O-O e6 5. c4 Be7 6. Nc3 O-O 7. d4 Ne4 8. Bd2 Bf6 9. Nxe4 Bxe4 10. Bc3 d5 {LiveBook: 3 Games. E18: Queen's Indian: Old Main Line (4 g3 Bb7 5 Bg2 Be7 6 0-0 0-0 7 Nc3)} (10... d6 11. Nd2 Bxg2 12. Kxg2 Nd7 13. Rc1 g6 14. b4 Bg7 15. e3 c5 16. Qf3 Qe7 17. Rfd1 cxd4 18. Bxd4 {0-1 (50) Guerrero Sierra,J (2343)-Sorokin,A (2511) Moscow 2018}) 11. cxd5 exd5 12. Rc1 Re8 $146 ({Predecessor:} 12... a5 13. Qa4 Na6 14. Rfd1 Qe8 15. Qxe8 Rfxe8 {0-1 (66) Allenby,G-Wagenbach,J England 2001}) 13. e3 Nd7 14. Ne1 {[%cal Bf3e1,Be1g2,Bg2f4][%mdl 32]} Bxg2 15. Nxg2 Qc8 16. Nf4 Qb7 {The position is equal.} 17. Qf3 c6 18. Rc2 Be7 19. Rfc1 Bd6 20. Kg2 Bxf4 21. Qxf4 Re6 {Accuracy: White = 50%, Black = 55%.} 1/2-1/2